La revolución rusa

محفوظ في:
التفاصيل البيبلوغرافية
المؤلف الرئيسي: Hill, Christopher (autor)
التنسيق: كتاب
اللغة:الإسبانية
منشور في: Barcelona Ariel 1947
سلاسل:Ariel Quincenal, 28
الموضوعات:
الوسوم: إضافة وسم
لا توجد وسوم, كن أول من يضع وسما على هذه التسجيلة!

MARC

LEADER 00000nam a2200000 a 4500
001 UCO2157
003 CL-VaPUC
008 000602e19470000SP |||||||||||||||||spa|d
082 0 4 |a 947.0841  |b HIL  |2 21 
100 |a Hill, Christopher  |e autor  |9 596031 
245 1 3 |a La revolución rusa 
300 |a 214 p 
942 |c BK 
945 |d 20000602 00:00:00  |a rherrera 
260 |a Barcelona  |b Ariel  |c 1947 
600 0 |a Lenin, Vladimir Ilich  |d 1870-1924  |9 319799 
650 7 |a HISTORIA DE RUSIA 1917  |2 CL-VaPUC  |9 442338 
650 7 |a REVOLUCION RUSA 1917  |2 CL-VaPUC  |9 366175 
651 0 |a Rusia   |9 256106 
583 |a last modification  |c 20120830 11:02:45  |k Rodrigo Vera 
490 0 |a Ariel Quincenal, 28 
999 |c 288696  |d 288694 
952 |0 0  |1 0  |4 0  |6 947_084100000000000_HIL_1947  |7 0  |8 A  |9 336594  |a BIBHIS  |b BIBHIS  |d 2019-11-20  |i 1282336  |o 947.0841 HIL 1947  |p 1282336  |r 2025-01-20  |w 2019-11-20  |y BK  |k HIS